Vysokofrekvenční a mikrovlnná měření

Salvato in:
Dettagli Bibliografici
Autori principali: Hoffmann, Karel (Autore), Hudec, Přemysl (Autore)
Natura: Libro
Lingua:ceco
Pubblicazione: Praha : ČVUT, 2009
Edizione:Dotlač 1. vyd.
Soggetti:
Tags: Aggiungi Tag
Nessun Tag, puoi essere il primo ad aggiungerne!!

MARC

LEADER 00000nam a22000003a 4500
001 stu294792
005 20150716165437.5
008 140729s--------xr------------------cze-d
020 |a 978-80-01-03442-2 
040 |a STU  |b slo 
041 0 |a cze 
044 |a xr 
080 |a 621.317.3(075.8) 
100 1 |a Hoffmann, Karel  |4 aut 
245 1 |a Vysokofrekvenční a mikrovlnná měření 
250 |a Dotlač 1. vyd. 
260 |a Praha :  |b ČVUT,  |c 2009 
300 |a 111 s 
650 7 |a meranie elektrických veličín  |2 stusub 
650 7 |a vysokofrekvenčné obvody  |2 stusub 
700 1 |a Hudec, Přemysl  |4 aut 
996 |b 284EK89370  |c E*89370  |l EE34  |s P  |a 0  |w stu294792_0001